000 00567nam a2200217Ia 4500
003 GCL
008 140319s9999 xx 000 0 eng d
040 _aGCL /
_cGCL
082 0 4 _a892.76
_bN T
100 1 _aBADAIR, M. M.
245 1 0 _aTHE THIEF AND THE DOGS /
_cBADAIR, M. M.
700 1 _aRODENBECK, JOHN
700 1 _aNAGUIB MAHFOUZ
260 _a[S.N] :
_bTHE AMERICAN UNIVERSITY IN CAIRO PRESS ،
_c1992
300 _a158 P
650 0 4 _aLITERATURE
650 0 4 _aARABIC LITERATURE
650 0 4 _aFICTION
650 0 4 _aNAGUIB MAHFOUZ
942 _2ddc
_cBK
999 _c12714
_d12714